[Event "Challenge"]
[Site "http://www.queenalice.com/game.php?id=401176"]
[Date "2008.5.10"]
[Round "-"]
[White "guisinistro"]
[Black "The_Hand_of_God"]
[Result "0-1"]
[WhiteElo "1100"]
[BlackElo "1898"]

1. e4 d5 2. Bb5+ c6 3. Ba4 e5 4. Qf3 Nf6 5. b4 Bxb4 6. exd5 Bg4 7. Qg3 O-O 8.
Qxe5 Re8 9. f3 Rxe5+ 10. Kf2 Bh5 11. g4 Bxg4 12. fxg4 Nxg4+ 13. Kf3 Rf5+ 14. Ke4
Qxd5# 0-1

[Event "BRAZIL"]
[Site "http://www.queenalice.com/game.php?id=401244"]
[Date "2008.5.11"]
[Round "-"]
[White "Strogonoff"]
[Black "The_Hand_of_God"]
[Result "0-1"]
[WhiteElo "1889"]
[BlackElo "1850"]

1. e4 c5 2. Nf3 d6 3. d4 cxd4 4. Nxd4 Nf6 5. Nc3 a6 6. Bg5 e6 7. Qf3 Be7 8. Bd3
O-O 9. O-O Qb6 10. Nb3 Bd7 11. Be3 Qc7 12. Qg3 Nh5 13. Qg4 Nf6 14. Qg3 e5 15.
Be2 Be6 16. Bh6 Ne8 17. Bg5 f5 18. exf5 Rxf5 19. Bxe7 Qxe7 20. Bg4 Rf4 21. Bxe6+
Qxe6 22. Rad1 Nf6 23. Nd5 Nxd5 24. Rxd5 Qxd5 25. Qh3 Nc6 26. Qd7 Raf8 0-1

[Event "Challenge"]
[Site "http://www.queenalice.com/game.php?id=403385"]
[Date "2008.5.15"]
[Round "-"]
[White "vininb"]
[Black "The_Hand_of_God"]
[Result "0-1"]
[WhiteElo "1897"]
[BlackElo "1938"]

1. e4 c5 2. Nf3 d6 3. Bb5+ Nd7 4. O-O Nf6 5. e5 dxe5 6. Nxe5 a6 7. Bxd7+ Nxd7 8.
d4 Nxe5 9. dxe5 Qc7 10. Bf4 e6 11. Nc3 Be7 12. Qg4 O-O 13. Rae1 Rd8 14. h4 Rd4
15. Ne2 Rd8 16. h5 Bf8 17. Bg5 Rd5 18. f4 b5 19. Bf6 h6 20. Rf3 Rd2 21. Rg3 Ra7
22. Bxg7 f5 23. exf6 Bxg7 24. Qg6 Qf7 25. Qxh6 Qf8 26. f5 Rd6 27. fxe6 Rxe6 28.
fxg7 Rxg7 29. Rxg7+ Qxg7 30. Qd2 Qe5 31. Qd8+ Re8 32. Qh4 Qxb2 33. Qg5+ Qg7 34.
Qxc5 Bb7 35. Qf2 Re5 36. Nf4 Rf5 37. Qh4 Rxf4 38. Qh3 Bxg2 39. Qc8+ Kh7 0-1

[Event "Challenge"]
[Site "http://www.queenalice.com/game.php?id=403386"]
[Date "2008.5.15"]
[Round "-"]
[White "The_Hand_of_God"]
[Black "vininb"]
[Result "1-0"]
[WhiteElo "1910"]
[BlackElo "1890"]

1. d4 d5 2. c4 e6 3. Nc3 Bb4 4. Nf3 dxc4 5. e4 b5 6. a4 c6 7. Bd2 Bb7 8. axb5
cxb5 9. Nxb5 Bxd2+ 10. Nxd2 a6 11. Bxc4 axb5 12. Rxa8 Bxa8 13. Bxb5+ Bc6 14. Qa4
Bxb5 15. Qxb5+ Nd7 16. O-O Qb6 17. Qg5 Qxd4 18. b4 f6 19. Qxg7 Qxd2 20. Qxh8 Kf8
21. Qxh7 Ne5 22. b5 Ne7 23. Ra1 Qd8 24. Qh6+ Kf7 25. h3 Qd4 26. Qh7+ Ke8 27.
Ra8+ Kd7 28. Qh8 Kc7 29. Qb8+ 1-0

[Event "Partida Mayo #49"]
[Site "http://www.queenalice.com/game.php?id=404616"]
[Date "2008.5.17"]
[Round "-"]
[White "The_Hand_of_God"]
[Black "SRIVERO"]
[Result "1-0"]
[WhiteElo "1900"]
[BlackElo "1748"]

1. e4 c5 2. d4 cxd4 3. c3 dxc3 4. Nxc3 d6 5. Bc4 Nc6 6. Nf3 Nf6 7. O-O e6 8. Qe2
Be7 9. a3 Ne5 10. Nxe5 dxe5 11. b4 O-O 12. Bb2 a6 13. Rad1 Qc7 14. Nb1 b5 15.
Ba2 Bb7 16. Rc1 Qb6 17. Nd2 Rac8 18. Bb1 Rxc1 19. Rxc1 Rc8 20. Rxc8+ Bxc8 21.
Nf3 Ng4 22. Nxe5 Nxe5 23. Bxe5 f6 24. Bg3 Qd4 25. Qc2 Qc4 26. Qxc4 bxc4 27. Ba2
c3 28. f3 Bd7 29. Bb3 f5 30. exf5 Kf7 31. Kf1 Kf6 32. Bh4+ Kf7 33. fxe6+ Bxe6
34. Bxe6+ Kxe6 35. Bxe7 Kxe7 36. Ke2 c2 37. Kd2 c1=Q+ 38. Kxc1 Kd6 39. Kd2 Kd5
40. Kd3 g5 41. a4 h5 42. b5 axb5 43. axb5 Kc5 44. Ke4 g4 45. fxg4 1-0

[Event "Challenge"]
[Site "http://www.queenalice.com/game.php?id=405973"]
[Date "2008.5.21"]
[Round "-"]
[White "The_Hand_of_God"]
[Black "SRIVERO"]
[Result "1-0"]
[WhiteElo "1927"]
[BlackElo "1712"]

1. d4 d5 2. c4 e6 3. Nc3 Nf6 4. Bg5 Be7 5. Nf3 c5 6. Bxf6 Bxf6 7. dxc5 Qa5 8.
Qb3 Qxc5 9. e3 dxc4 10. Bxc4 Bxc3+ 11. Qxc3 O-O 12. O-O a5 13. Rfd1 Nd7 14. Rd4
b5 15. Rg4 Nf6 16. Qxf6 g6 17. Bf1 e5 18. Re4 Re8 19. Rxe5 Rxe5 20. Nxe5 Ra7 21.
Nd3 Qh5 22. Qd8+ Kg7 23. Qd4+ 1-0

[Event "Challenge"]
[Site "http://www.queenalice.com/game.php?id=416025"]
[Date "2008.6.11"]
[Round "-"]
[White "lala"]
[Black "The_Hand_of_God"]
[Result "0-1"]
[WhiteElo "1090"]
[BlackElo "1936"]

1. Nc3 d5 2. e3 e5 3. Bb5+ Bd7 4. a4 Qg5 5. Nxd5 Bd6 6. h4 Qxg2 7. Rh3 Qxg1+ 8.
Ke2 Qg4+ 9. Rf3 e4 10. Ke1 Qg1+ 11. Ke2 exf3+ 12. Kxf3 Qg4# 0-1

[Event "Challenge"]
[Site "http://www.queenalice.com/game.php?id=416074"]
[Date "2008.6.11"]
[Round "-"]
[White "lala"]
[Black "The_Hand_of_God"]
[Result "0-1"]
[WhiteElo "1088"]
[BlackElo "1930"]

1. Nc3 g6 2. e3 Bg7 3. b4 Nc6 4. b5 Nb8 5. Qf3 a6 6. Bc4 e6 7. d4 d5 8. Bb3 Ne7
9. Nge2 O-O 10. O-O Nd7 11. e4 b6 12. e5 axb5 13. Nxb5 Ba6 14. Ba4 c6 15. Nd6
Bxe2 16. Qxe2 Rxa4 17. Be3 c5 18. c3 f6 19. Qd1 Ra8 20. Nb7 Qc7 21. exf6 Bxf6
22. Bh6 Bg7 23. Qg4 Rf5 24. Rae1 Bxh6 25. Rxe6 Rh5 26. Rfe1 Qxh2+ 27. Kf1 Rxa2
28. Rxg6+ Nxg6 29. Re8+ Nf8 30. Qf5 Qh1# 0-1

[Event "Challenge"]
[Site "http://www.queenalice.com/game.php?id=423825"]
[Date "2008.6.27"]
[Round "-"]
[White "Sabaak_No_Gaara"]
[Black "The_Hand_of_God"]
[Result "1-0"]
[WhiteElo "1901"]
[BlackElo "1954"]

1. e4 d5 2. exd5 Qxd5 3. c3 b5 4. d4 Nf6 5. Be2 Qe6 6. Be3 g6 7. Bxb5+ c6 8. Be2
Nd5 9. Qd2 Bb7 10. Nh3 c5 11. O-O Bg7 12. Bb5+ Nc6 13. c4 O-O 14. cxd5 Qxd5 15.
Nc3 Qf5 16. Bd3 Qd7 17. d5 Bxc3 18. Qxc3 Qxd5 19. Bh6 Ne5 20. Nf4 Qd4 21. Qxd4
cxd4 22. Bxf8 Kxf8 23. Rad1 Nxd3 24. Nxd3 Ba6 25. Rfe1 Bxd3 26. Rxd3 Rd8 27. Re4
Rc8 28. Rexd4 1-0

[Event "black too"]
[Site "http://www.queenalice.com/game.php?id=423826"]
[Date "2008.6.27"]
[Round "-"]
[White "The_Hand_of_God"]
[Black "Sabaak_No_Gaara"]
[Result "1-0"]
[WhiteElo "1936"]
[BlackElo "1919"]

1. c4 c5 2. Nf3 d6 3. b4 b6 4. g3 Nf6 5. Bg2 Nbd7 6. Bb2 Bb7 7. O-O Qc7 8. Nc3
cxb4 9. Nd5 Nxd5 10. cxd5 Bxd5 11. Rc1 Qb7 12. Qc2 e5 13. Qf5 Be7 14. d4 O-O 15.
dxe5 dxe5 16. Nxe5 Nxe5 17. Qxe5 Bf6 18. Qxd5 Qxd5 19. Bxd5 Bxb2 20. Bxa8 Bxc1
21. Rxc1 Rxa8 22. Rc7 Kf8 23. f4 a5 24. Kf2 Rd8 25. Rb7 Rd6 26. Kf3 a4 27. Rb8+
Ke7 28. Rb7+ Kf6 29. e4 Re6 30. e5+ Kg6 31. g4 f5 32. gxf5+ Kxf5 33. Rxg7 h6 34.
h4 b3 35. h5 b2 36. Rf7+ 1-0

[Event "Challenge"]
[Site "http://www.queenalice.com/game.php?id=426787"]
[Date "2008.7.3"]
[Round "-"]
[White "The_Hand_of_God"]
[Black "Sabaak_No_Gaara"]
[Result "0-1"]
[WhiteElo "1951"]
[BlackElo "1904"]

1. d4 f5 2. c4 Nf6 3. Nf3 e6 4. Nc3 c6 5. Bg5 d5 6. e3 Nbd7 7. Bd3 b6 8. O-O Bd6
9. Qa4 Bb7 10. cxd5 exd5 11. Bxf5 O-O 12. Qc2 Qe8 13. e4 dxe4 14. Nxe4 Nxe4 15.
Bxe4 Qh5 16. h4 Rac8 17. g3 Ba6 18. Rfe1 Rxf3 19. Qd1 Rcf8 20. Re3 Rxe3 21. Bd5+
cxd5 22. Qxh5 Ref3 23. Be3 Bxg3 24. Qxd5+ R8f7 25. Qa8+ Nf8 26. fxg3 Rxg3+ 27.
Kh2 Rxe3 28. d5 h5 29. d6 Re2+ 30. Kg3 Bb7 0-1

[Event "Challenge"]
[Site "http://www.queenalice.com/game.php?id=426788"]
[Date "2008.7.3"]
[Round "-"]
[White "Sabaak_No_Gaara"]
[Black "The_Hand_of_God"]
[Result "1/2-1/2"]
[WhiteElo "1922"]
[BlackElo "1933"]

1. e4 c5 2. Nc3 Nc6 3. f4 e6 4. Nf3 Nge7 5. d4 cxd4 6. Nxd4 Nxd4 7. Qxd4 Nc6 8.
Qf2 Bb4 9. Bd2 O-O 10. Bd3 Qe7 11. a3 Bc5 12. Be3 b6 13. Bxc5 bxc5 14. O-O d6
15. Ne2 Bb7 16. g4 f6 17. Qh4 g6 18. Rf2 Qg7 19. Qg3 Rf7 20. Rd1 Raf8 21. Bc4 d5
22. exd5 Rd7 23. Rd3 Ne7 24. dxe6 Rxd3 25. Bxd3 f5 26. g5 Qxb2 27. Qe3 Qxa3 28.
Qe5 Qb4 29. h4 Qe1+ 30. Rf1 Qxh4 31. Qxc5 Qh3 32. Kf2 Qh4+ 33. Kg1 Qh3 34. Kf2
Qh4+ 35. Kg1 1/2-1/2

[Event "Challenge"]
[Site "http://www.queenalice.com/game.php?id=429435"]
[Date "2008.7.8"]
[Round "-"]
[White "Sabaak_No_Gaara"]
[Black "The_Hand_of_God"]
[Result "1-0"]
[WhiteElo "1958"]
[BlackElo "1946"]

1. e4 c5 2. Nf3 d6 3. d4 cxd4 4. Nxd4 Nf6 5. Nc3 a6 6. Bg5 e6 7. f4 Be7 8. Qf3
Qc7 9. O-O-O Nbd7 10. g4 b5 11. h4 h6 12. Bxf6 Bxf6 13. g5 hxg5 14. hxg5 Rxh1
15. Qxh1 Bxd4 16. Rxd4 d5 17. exd5 e5 18. fxe5 Bb7 19. Qh8+ Nf8 20. d6 Qd8 21.
d7+ Ke7 22. Qxg7 Ne6 23. Qf6+ Kf8 24. Rh4 Qxf6 25. gxf6 Kg8 26. Bh3 Rd8 27. Bxe6
fxe6 28. Rd4 Bc6 29. Ne2 Rxd7 30. Rxd7 Bxd7 31. Kd2 Kf7 32. Nf4 Bc6 33. Ke3 Ke8
34. Nxe6 Bd7 35. Nc5 1-0

[Event "black too"]
[Site "http://www.queenalice.com/game.php?id=429436"]
[Date "2008.7.8"]
[Round "-"]
[White "The_Hand_of_God"]
[Black "Sabaak_No_Gaara"]
[Result "0-1"]
[WhiteElo "1933"]
[BlackElo "1922"]

1. d4 f5 2. c4 Nf6 3. Nf3 e6 4. Nc3 c6 5. b3 d5 6. Ne5 Nbd7 7. Bg5 Bd6 8. f4 O-O
9. e3 Qa5 10. Qd2 Bb4 11. Kf2 Ne4+ 12. Kf3 Nxd2+ 13. Kg3 Bxc3 14. Kh4 Nxe5 15.
Kh5 g6+ 16. Kh6 Nf7# 0-1

[Event "Challenge"]
[Site "http://www.queenalice.com/game.php?id=483291"]
[Date "2008.10.26"]
[Round "-"]
[White "REUSKING"]
[Black "The_Hand_of_God"]
[Result "0-1"]
[WhiteElo "1934"]
[BlackElo "1968"]

1. e4 d6 2. d4 Nf6 3. Nc3 g6 4. Nf3 Bg7 5. Be2 O-O 6. O-O c6 7. a4 Nbd7 8. h3 e5
9. Be3 Qe7 10. Bg5 exd4 11. Nxd4 Qe5 12. f4 Qc5 13. Kh1 Nxe4 14. Nxe4 Qxd4 15.
Qxd4 Bxd4 16. Nxd6 Bxb2 17. Rab1 Bd4 18. Bc4 Nb6 19. Bb3 Kg7 20. Rfe1 Bc5 21.
Ne4 Nd7 22. Nxc5 Nxc5 23. Be7 b6 24. Bxf8+ Kxf8 25. Rbd1 Bf5 26. Kg1 Nxb3 27.
cxb3 Bc2 28. Rc1 Bxb3 29. Rxc6 Bxa4 30. Rc7 a5 31. Ree7 Be8 32. Re3 a4 33. Rb7
a3 34. Re1 a2 35. Ra1 b5 36. Kf2 Ra4 37. g3 Bc6 38. Rc7 Bd5 39. Ke2 Ra3 40. Kf2
b4 41. Rc8+ Ke7 42. Rb8 Rf3+ 43. Ke2 b3 44. Rb5 Bc4+ 45. Kxf3 Bxb5 0-1

[Event "Challenge"]
[Site "http://www.queenalice.com/game.php?id=483294"]
[Date "2008.10.26"]
[Round "-"]
[White "The_Hand_of_God"]
[Black "REUSKING"]
[Result "1-0"]
[WhiteElo "1932"]
[BlackElo "1951"]

1. Nf3 Nc6 2. d4 d5 3. c4 e6 4. Nc3 Nf6 5. Bg5 Be7 6. e3 O-O 7. Bd3 dxc4 8. Bxc4
Nd5 9. Bxe7 Ncxe7 10. O-O Ng6 11. Qb3 c6 12. Rad1 b6 13. Ne5 Nxe5 14. dxe5 Bb7
15. e4 1-0

[Event "Challenge"]
[Site "http://www.queenalice.com/game.php?id=483301"]
[Date "2008.10.26"]
[Round "-"]
[White "CampbellMarcel"]
[Black "The_Hand_of_God"]
[Result "0-1"]
[WhiteElo "1786"]
[BlackElo "1959"]

1. e4 c5 2. Nf3 d6 3. d4 cxd4 4. Nxd4 Nf6 5. Bd3 Nc6 6. Bb5 Bd7 7. Nc3 Qb6 8.
Be3 Qa5 9. O-O g6 10. a3 Bg7 11. b4 Qc7 12. f4 O-O 13. Nd5 Nxd5 14. exd5 Nxd4
15. Bxd7 Ne2+ 16. Qxe2 Bxa1 17. Rxa1 Qxd7 18. c4 e5 19. fxe5 dxe5 20. Bh6 Rfe8
21. Rf1 f5 22. g4 f4 23. h3 b5 24. Qa2 a5 25. cxb5 axb4 26. d6+ Re6 27. Qb3 Rxa3
28. Qxb4 Qa7+ 29. b6 Rg3+ 30. Kh2 Qa2+ 0-1

[Event "Challenge"]
[Site "http://www.queenalice.com/game.php?id=483302"]
[Date "2008.10.26"]
[Round "-"]
[White "The_Hand_of_God"]
[Black "CampbellMarcel"]
[Result "1-0"]
[WhiteElo "1949"]
[BlackElo "1810"]

1. g3 c6 2. Bg2 Nf6 3. Nf3 h6 4. O-O e6 5. d3 d5 6. Nbd2 Bd6 7. Re1 Nbd7 8. e4
dxe4 9. dxe4 e5 10. Nc4 Bc7 11. Nd6+ Kf8 12. b3 Qe7 13. Nf5 Qe8 14. Ba3+ Kg8 15.
N3h4 g6 16. Ne7+ Kg7 17. Qd2 Nf8 18. c4 Be6 19. f4 Rd8 20. Nd5 cxd5 21. exd5
Bb6+ 22. c5 Nxd5 23. cxb6 Nxf4 24. Qc3 Nd5 25. Qxe5+ f6 26. Bxf8+ Rxf8 27. Qxe6
Qb5 28. bxa7 Qc5+ 29. Kh1 Nc7 30. Qe7+ 1-0

[Event "Challenge"]
[Site "http://www.queenalice.com/game.php?id=483309"]
[Date "2008.10.26"]
[Round "-"]
[White "zonszein"]
[Black "The_Hand_of_God"]
[Result "1-0"]
[WhiteElo "2197"]
[BlackElo "2005"]

1. e4 c5 2. Nf3 d6 3. d4 cxd4 4. Nxd4 Nf6 5. Nc3 Nc6 6. Bc4 Qb6 7. Nxc6 bxc6 8.
Bb3 g6 9. Be3 Qc7 10. f3 Ba6 11. Qd2 Bg7 12. O-O-O Qa5 13. Kb1 Nd7 14. Bd4 Bxd4
15. Qxd4 O-O 16. Qd2 Qc5 17. h4 h5 18. Qh6 Bc4 19. g4 Bxb3 20. axb3 Nf6 21. e5
dxe5 22. gxh5 e4 23. hxg6 Qh5 24. gxf7+ Kxf7 25. Qxh5+ Nxh5 26. Nxe4 Rh8 27.
Ng5+ Kf6 28. Rd4 Kf5 29. Re1 Nf4 30. Rde4 Rxh4 31. Ne6 a6 32. Nxf4 Rxf4 33.
Rxf4+ Kxf4 34. Rxe7 Rf8 35. Ra7 Ke5 36. Rxa6 Kd5 37. Ra5+ Kd6 38. b4 Rxf3 39.
Rg5 Kc7 40. b5 1-0

[Event "Challenge"]
[Site "http://www.queenalice.com/game.php?id=486661"]
[Date "2008.11.1"]
[Round "-"]
[White "CampbellMarcel"]
[Black "The_Hand_of_God"]
[Result "0-1"]
[WhiteElo "1869"]
[BlackElo "1983"]

1. e4 c5 2. Nf3 d6 3. c3 Nf6 4. d3 Nc6 5. Be3 Qb6 6. b3 g6 7. Nbd2 Bg7 8. Nc4
Qc7 9. e5 dxe5 10. Bxc5 Nd7 11. Ba3 e4 12. Nd4 Nxd4 13. cxd4 Bxd4 14. Rc1 Qf4
15. Rc2 Ne5 16. Nxe5 Qxe5 17. dxe4 Bc3+ 18. Rxc3 Qxc3+ 19. Qd2 Qa1+ 20. Ke2 b6
21. Bb2 Qxa2 22. Bxh8 Ba6+ 23. Ke1 Qb1+ 24. Qd1 Qxe4+ 25. Be2 Rd8 0-1

[Event "Challenge"]
[Site "http://www.queenalice.com/game.php?id=486662"]
[Date "2008.11.1"]
[Round "-"]
[White "The_Hand_of_God"]
[Black "CampbellMarcel"]
[Result "1-0"]
[WhiteElo "1994"]
[BlackElo "1860"]

1. Nf3 b6 2. g3 Bb7 3. Bg2 d5 4. O-O Nf6 5. d3 Nfd7 6. Nbd2 e6 7. Re1 Bd6 8. e4
O-O 9. e5 Be7 10. Nf1 c5 11. h4 h6 12. N1h2 Nc6 13. Ng4 h5 14. Ngh2 Qc7 15. Bf4
Nd4 16. c3 Nxf3+ 17. Nxf3 Qd8 18. Ng5 g6 19. Bf3 Kg7 20. Kg2 Rh8 21. c4 Nf8 22.
cxd5 Bxd5 23. Ne4 Nh7 24. b3 g5 25. hxg5 Nxg5 26. Bxg5 Bxg5 27. Nd6 h4 28. Bxd5
h3+ 29. Kh2 exd5 30. f4 Be7 31. Qg4+ Kf8 32. Nxf7 Kxf7 33. e6+ Kf8 34. Qf5+ Kg7
35. Qf7+ Kh6 36. Re5 1-0